000 01550nam a2200349 i 4500
001 000040705
003 DO-SdBNP
005 20240809131729.0
007 ta
008 100512s2013 dr 000 0 spa d
020 _a9789945481327
040 _aDO-SdBNP
_bspa
_cBNPHU
_erda
041 _hspa
082 4 _a348.046
_bG643e
_222
100 1 _aGonzález Canahuate, Almanzor L.
_eautor
_986250
245 1 0 _aEnciclopedia jurisprudencial integrada :
_bde las decisiones de la Suprema Corte de Justicia de la República Dominicana en Materia de Tierra, jurisprudencia en materia de tierra , correspondiente al año 2012 /
_cAlmanzor González Canahuate.
246 1 4 _aSuplemento No. 4 jurisprudencia en materia de tierra correspondiente al año 2012
250 _aPrimera edición
264 _aSanto Domingo :
_bSuprema Corte de Justicia,
_c2013.
300 _a944 páginas ;
_c24 cm.
336 _2rdacontent
_atexto
_btxt
337 _2rdamedia
_asin mediación
_bn
338 _2rdacarrier
_avolumen
_bnc
500 _aIncluye datos biográficos del autor en la contracubierta
590 _aInventariado, 2024/DG
590 _aLa biblioteca posee 3 ejemplares autografiados por el autor.
650 0 _a Jurisprudencia
_zRepública Dominicana
_y 2012
_xRecopilaciones, repertorios, etc
_982105
650 4 _aSuprema Corte de Justicia
_v
_xJurisprudencia
_zRepública Dominicana
_986251
650 4 _aTítulos de tierras
_xJurisprudencia
_zRepública Dominicana
_986239
910 _aDG. Validado, Control de calidad/MAA
942 _2ddc
_cLBS1
999 _c40195
_d40195